<?xml version="1.0" encoding="UTF-8"?>
<record
    xmlns:xsi="http://www.w3.org/2001/XMLSchema-instance"
    xsi:schemaLocation="http://www.loc.gov/MARC21/slim http://www.loc.gov/standards/marcxml/schema/MARC21slim.xsd"
    xmlns="http://www.loc.gov/MARC21/slim">

  <leader>01786nam a22001577a 4500</leader>
  <controlfield tag="003">SGT</controlfield>
  <datafield tag="020" ind1=" " ind2=" ">
    <subfield code="a">9788121917872</subfield>
  </datafield>
  <datafield tag="082" ind1=" " ind2=" ">
    <subfield code="a">546, SAT</subfield>
  </datafield>
  <datafield tag="100" ind1=" " ind2=" ">
    <subfield code="a">PRAKASH SATYA </subfield>
  </datafield>
  <datafield tag="245" ind1=" " ind2=" ">
    <subfield code="a">ADVANCED INORGANIC CHEMISTRY </subfield>
  </datafield>
  <datafield tag="260" ind1=" " ind2=" ">
    <subfield code="a">NEW DELHI </subfield>
    <subfield code="b">S. CHAND </subfield>
    <subfield code="c">2015</subfield>
  </datafield>
  <datafield tag="300" ind1=" " ind2=" ">
    <subfield code="a">656</subfield>
  </datafield>
  <datafield tag="650" ind1=" " ind2=" ">
    <subfield code="a">INORGANIC CHEMISTRY </subfield>
  </datafield>
  <datafield tag="653" ind1=" " ind2=" ">
    <subfield code="a"> BASIC CONCEPTS OF COORDINATION CHEMISTR, NOMENCLATURE OF COORDINATION COMPOUNDS,  WERNER&#x2019;S THEORY OF COORDINATION COMPOUNDS AND EFFECTIVE ATOMIC NUMBER, ISOMERISM IN COORDINATION COMPOUNDS, NATURE OF METAL-LIGAND BONDING IN COMPLEX COMPOUND, TRANSITION METALS (D-BLOCK ELEMENTS) AND THEIR COMPOUNDS, GENERAL CHARACTERISTICS OF TRANSITION METALS: D-BLOCK ELEMENTS, GROUP-WISE STUDY OF THE GENERAL PROPERTIES OF TRANSITION ELEMENTS (D-BLOCK, OCCURRENCE, EXTRACTION, PROPERTIES AND USES OF SOME TRANSITION METALS, IMPORTANT COMPOUNDS OF TRANSITION METALS, COMPOUNDS OF LANTHANUM, COMPOUNDS OF TITANIUM, COMPOUNDS OF VANADIUM: VANADY CHLORIDE (VOCL2), COMPOUNDS OF CHROMIUM, COMPOUNDS OF TUNGSTENLCOMPOUNDS OF MANGANESE, COMPOUNDS OF IRON, COMPOUNDS OF OSMIUM, COMPOUNDS OF COBALT, COMPOUNDS OF PALLADIUM, COMPOUNDS OF PLATINUM, COMPOUNDS OF COPPER, COMPOUNDS OF GOLD, COMPOUNDS OF ZINC, INNER-TRANSITION ELEMENTS AND THEIR COMPOUNDS GENERAL CHARACTERISTICS OF INNER-TRANSITION ELEMENTS LLANTHANIDES, ACTINIDES, EXTRACTION, PROPERTIES AND USES OF SOME INNER-TRANSITION METALS, IMPORTANT COMPOUNDS OF INNER-TRANSITION ELEMENTS, MISCELLANEOUS TOPICS, TRANSITION METAL COMPLEXES WITH CARBON MONOXIDE: METALLIC CARBONYLS, COMPLEX COMPOUNDS CONTAINING NO+ OR/ AND NO&#x2013; IONS AS LIGANDS: METALLIC NITROSYL, POLLUTION AND ITS ADVERSE EFFECTS, ORGANO-METALLIC COMPOUNDS, CHROMATOGRAPH LUSES OF ORGANIC AND INORGANIC REAGENTS IN INORGANIC ANALYSISL </subfield>
  </datafield>
  <datafield tag="942" ind1=" " ind2=" ">
    <subfield code="2">ddc</subfield>
    <subfield code="c">FPS</subfield>
    <subfield code="0">2</subfield>
  </datafield>
  <datafield tag="952" ind1=" " ind2=" ">
    <subfield code="0">0</subfield>
    <subfield code="1">0</subfield>
    <subfield code="2">ddc</subfield>
    <subfield code="4">0</subfield>
    <subfield code="7">0</subfield>
    <subfield code="8">FS</subfield>
    <subfield code="a">SSSL</subfield>
    <subfield code="b">SSSL</subfield>
    <subfield code="c">TXT</subfield>
    <subfield code="d">2016-06-30</subfield>
    <subfield code="e">AHUJA BOOKS </subfield>
    <subfield code="g">450.00</subfield>
    <subfield code="h">2</subfield>
    <subfield code="i">SGTU</subfield>
    <subfield code="l">1</subfield>
    <subfield code="o">546, SAT</subfield>
    <subfield code="p">PS1827</subfield>
    <subfield code="r">2018-09-01 00:00:00</subfield>
    <subfield code="s">2018-09-01</subfield>
    <subfield code="w">2016-04-21</subfield>
    <subfield code="y">FPS</subfield>
    <subfield code="k">6884</subfield>
  </datafield>
  <datafield tag="952" ind1=" " ind2=" ">
    <subfield code="0">0</subfield>
    <subfield code="1">0</subfield>
    <subfield code="2">ddc</subfield>
    <subfield code="4">0</subfield>
    <subfield code="7">0</subfield>
    <subfield code="8">FS</subfield>
    <subfield code="a">SSSL</subfield>
    <subfield code="b">SSSL</subfield>
    <subfield code="c">TXT</subfield>
    <subfield code="d">2016-06-30</subfield>
    <subfield code="e">AHUJA BOOKS </subfield>
    <subfield code="g">450.00</subfield>
    <subfield code="h">2</subfield>
    <subfield code="i">SGTU</subfield>
    <subfield code="l">2</subfield>
    <subfield code="o">546, SAT</subfield>
    <subfield code="p">PS1828</subfield>
    <subfield code="r">2023-11-09 00:00:00</subfield>
    <subfield code="s">2023-10-26</subfield>
    <subfield code="w">2016-04-21</subfield>
    <subfield code="y">FPS</subfield>
    <subfield code="k">6884</subfield>
  </datafield>
  <datafield tag="952" ind1=" " ind2=" ">
    <subfield code="0">0</subfield>
    <subfield code="1">0</subfield>
    <subfield code="2">ddc</subfield>
    <subfield code="4">0</subfield>
    <subfield code="7">0</subfield>
    <subfield code="8">FS</subfield>
    <subfield code="a">SSSL</subfield>
    <subfield code="b">SSSL</subfield>
    <subfield code="c">TXT</subfield>
    <subfield code="d">2016-06-30</subfield>
    <subfield code="e">AHUJA BOOKS </subfield>
    <subfield code="g">450.00</subfield>
    <subfield code="h">2</subfield>
    <subfield code="i">SGTU</subfield>
    <subfield code="l">0</subfield>
    <subfield code="o">546, SAT</subfield>
    <subfield code="p">PS1829</subfield>
    <subfield code="r">2016-06-30 00:00:00</subfield>
    <subfield code="w">2016-04-21</subfield>
    <subfield code="y">FPS</subfield>
    <subfield code="k">6884</subfield>
  </datafield>
  <datafield tag="952" ind1=" " ind2=" ">
    <subfield code="0">0</subfield>
    <subfield code="1">0</subfield>
    <subfield code="2">ddc</subfield>
    <subfield code="4">0</subfield>
    <subfield code="7">1</subfield>
    <subfield code="8">FS</subfield>
    <subfield code="a">SSSL</subfield>
    <subfield code="b">SSSL</subfield>
    <subfield code="c">REF</subfield>
    <subfield code="d">2016-06-30</subfield>
    <subfield code="e">AHUJA BOOKS </subfield>
    <subfield code="g">450.00</subfield>
    <subfield code="h">2</subfield>
    <subfield code="i">SGTU</subfield>
    <subfield code="o">546, SAT</subfield>
    <subfield code="p">PS1830</subfield>
    <subfield code="r">2016-06-30 00:00:00</subfield>
    <subfield code="w">2016-04-21</subfield>
    <subfield code="y">FPS</subfield>
    <subfield code="k">6884</subfield>
  </datafield>
  <datafield tag="999" ind1=" " ind2=" ">
    <subfield code="c">9352</subfield>
    <subfield code="d">9352</subfield>
  </datafield>
</record>
